[Event "HUN-chT2 Charousek 0910"]
[Site "Hungary"]
[Date "2009.11.22"]
[Round "2"]
[White "Honos, Attila"]
[Black "Dombai, Istvan"]
[Result "1-0"]
[WhiteElo "2276"]
[BlackElo "2199"]
[PlyCount "87"]
[EventDate "2009.11.08"]
[EventType "team-tourn"]
[EventRounds "11"]
[EventCountry "HUN"]
[SourceTitle "EXT 2011"]
[Source "ChessBase"]
[SourceDate "2010.11.26"]
[SourceVersion "1"]
[SourceVersionDate "2010.11.26"]
[SourceQuality "1"]
[WhiteTeam "Taban Spartacus"]
[BlackTeam "Tatai Honved"]
[WhiteTeamCountry "HUN"]
[BlackTeamCountry "HUN"]

1. e4 c5 2. c3 d5 3. exd5 Qxd5 4. d4 Nf6 5. Nf3 e6 6. Be3 cxd4 7. cxd4 Nc6 8. a3 Be7 9. Nc3 Qd6 10. Bd3 0-0 11. 0-0 Rd8 12. Qc2 h6 13. Rad1 a6 14. Qc1 Bf8 15. Ne5 Nd5 16. Nc4 Qc7 17. Nxd5 Rxd5 18. Be4 Rh5 19. Bf4 Qd8 20. d5 exd5 21. Bxd5 Rxd5 22. Rxd5 Qxd5 23. Nb6 Qf5 24. Nxa8 Nd4 25. Re1 Bd7 26. Be5 Nb3 27. Qe3 Nc5 28. Nb6 Bc6 29. Bg3 Ne4 30. b4 Nf6 31. Qd4 a5 32. Qd8 Ne4 33. Nc8 Qf6 34. Qxf6 Nxf6 35. Bd6 axb4 36. Bxb4 Bxb4 37. axb4 Nd5 38. Ne7+ Nxe7 39. Rxe7 Kf8 40. Re1 g6 41. f4 Kg7 42. Kf2 Kf6 43. g3 h5 44. Re5 1-0

[Event "HUN-chT 0809"]
[Site "Hungary"]
[Date "2009.04.18"]
[Round "11"]
[White "Lakos, Nikoletta"]
[Black "Honos, Attila"]
[Result "1/2-1/2"]
[WhiteElo "2312"]
[BlackElo "2298"]
[PlyCount "32"]
[EventDate "2008.10.26"]
[EventType "team-tourn"]
[EventRounds "11"]
[EventCountry "HUN"]
[SourceTitle "EXT 2010"]
[Source "ChessBase"]
[SourceDate "2010.11.25"]
[SourceVersion "1"]
[SourceVersionDate "2010.11.25"]
[SourceQuality "1"]
[WhiteTeam "Haladas"]
[BlackTeam "Taban Spartacus"]
[WhiteTeamCountry "HUN"]
[BlackTeamCountry "HUN"]

1. e4 d5 2. exd5 Qxd5 3. Nc3 Qd6 4. d4 Nf6 5. Nf3 Bg4 6. h3 Bh5 7. Be3 c6 8. g4 Bg6 9. Ne5 Nd5 10. Nxd5 Qxd5 11. Rg1 Nd7 12. Nxg6 hxg6 13. Qd2 Nb6 14. Qe2 e6 15. Bg2 Qc4 16. Qxc4 Nxc4 1/2-1/2

[Event "HUN-chT 0809"]
[Site "Hungary"]
[Date "2009.04.05"]
[Round "10"]
[White "Honos, Attila"]
[Black "Feher, Adam"]
[Result "1/2-1/2"]
[WhiteElo "2298"]
[BlackElo "2229"]
[PlyCount "54"]
[EventDate "2008.10.26"]
[EventType "team-tourn"]
[EventRounds "11"]
[EventCountry "HUN"]
[SourceTitle "EXT 2010"]
[Source "ChessBase"]
[SourceDate "2010.11.25"]
[SourceVersion "1"]
[SourceVersionDate "2010.11.25"]
[SourceQuality "1"]
[WhiteTeam "Taban Spartacus"]
[BlackTeam "Budapest MTK"]
[WhiteTeamCountry "HUN"]
[BlackTeamCountry "HUN"]

1. d4 d5 2. Bg5 h6 3. Bh4 c6 4. e3 Qb6 5. b3 e5 6. c3 exd4 7. exd4 Ne7 8. Bd3 Be6 9. Nf3 Nf5 10. 0-0 Nxh4 11. Nxh4 Be7 12. Bf5 Bxh4 13. Bxe6 0-0 14. Bf5 Bf6 15. Nd2 c5 16. Nf3 Nc6 17. Bd7 cxd4 18. Bxc6 Qxc6 19. cxd4 Rac8 20. Ne5 Qe6 21. Re1 Qf5 22. Ng4 Rfe8 23. Rxe8+ Rxe8 24. Nxf6+ Qxf6 25. Qd3 Re4 26. Rd1 Qe6 27. Kf1 g6 1/2-1/2

[Event "HUN-chT 0809"]
[Site "Hungary"]
[Date "2009.02.21"]
[Round "9"]
[White "Honos, Attila"]
[Black "Molnar, Bela"]
[Result "0-1"]
[WhiteElo "2298"]
[BlackElo "2357"]
[PlyCount "76"]
[EventDate "2008.10.26"]
[EventType "team-tourn"]
[EventRounds "11"]
[EventCountry "HUN"]
[SourceTitle "EXT 2010"]
[Source "ChessBase"]
[SourceDate "2010.11.25"]
[SourceVersion "1"]
[SourceVersionDate "2010.11.25"]
[SourceQuality "1"]
[WhiteTeam "Taban Spartacus"]
[BlackTeam "Paks"]
[WhiteTeamCountry "HUN"]
[BlackTeamCountry "HUN"]

1. d4 c5 2. c3 e6 3. e4 d5 4. exd5 Qxd5 5. Be3 Nf6 6. Nf3 Be7 7. Nbd2 0-0 8. Bc4 Qc6 9. 0-0 b5 10. Ne5 Qb6 11. Be2 Nbd7 12. dxc5 Bxc5 13. Bxc5 Nxc5 14. Bf3 Bb7 15. Bxb7 Qxb7 16. Nb3 Rac8 17. Qe2 Nd5 18. Nxc5 Rxc5 19. Rfd1 Qc7 20. Rd4 Nxc3 21. bxc3 Rxe5 22. Qd2 h6 23. a4 Rb8 24. Rd7 Qb6 25. Rb1 Rf5 26. axb5 Rxb5 27. Rxb5 Qxb5 28. h3 Qe5 29. Rd8+ Rxd8 30. Qxd8+ Kh7 31. Qc8 Qe1+ 32. Kh2 Qxf2 33. c4 e5 34. c5 e4 35. c6 e3 36. Qe8 e2 37. c7 Qf4+ 38. Kh1 Qc1+ 0-1